00691nam a22002057a 450000500170000001000150001702000260003203500140005803700090007208200120008110000250009324500450011826000590016327000350022230000200025770000330027794200260031099900190033695201300035520240703144304.0 aENG-140472 a9789394609020c700.00 aEN-124004 bDBAD a181.452 aMoorthy A. M.968052 aYoga For Healthy Life/cBy A. M. Moorthy bSree Balaji Medical College & Hospital c2022aChennai aChromepet, Chennai- Tamil Nadu a393p.c24cm(pb) aMoorthy A. M.eAuthor966728 2ddccENh181.452mMOO c203162d203162 001040708NFICaCJbCJd2024-05-22eDBADg700.00l0o181.452 MOOpEN-124004r2024-05-22 00:00:00t1v700.00w2024-05-22yEN